Historia primitiva y exacta del Monasterio del Escorial (Record no. 156428)
[ view plain ]
| 000 -LEADER | |
|---|---|
| campo de control de longitud fija | 01101nam a2200241 i 4500 |
| 001 - NÚMERO DE CONTROL | |
| campo de control | 156428 |
| 003 - IDENTIFICADOR DE NÚMERO DE CONTROL | |
| campo de control | ES-MaACL |
| 005 - FECHA Y HORA DE LA ÚLTIMA TRANSACCIÓN | |
| campo de control | 20250827063226.0 |
| 008 - DATOS DE LONGITUD FIJA--INFORMACIÓN GENERAL | |
| campo de control de longitud fija | 940202s1881 sp f |||| | spa d |
| 100 0# - ENTRADA PRINCIPAL--NOMBRE DE PERSONA | |
| Nombre de persona | José de Sigüenza, |
| Fechas asociadas al nombre | 1544-1606 |
| 9 (RLIN) | 151215 |
| 245 10 - MENCIÓN DEL TÍTULO | |
| Título | Historia primitiva y exacta del Monasterio del Escorial |
| Resto del título | : la más rica en detalles de cuantas se han publicado / |
| Mención de responsabilidad, etc. | escrita el siglo XVI por el Padre Fray José de Sigüenza ; arreglada por Miguel Sanchez y Pinillos. |
| 260 ## - PUBLICACIÓN, DISTRIBUCIÓN, ETC. | |
| Lugar de publicación, distribución, etc. | Madrid : |
| Nombre del editor, distribuidor, etc. | [s.n.], |
| Fecha de publicación, distribución, etc. | 1881 ( |
| Fabricante | Imp. y Fundición de M. Tello) |
| 300 ## - DESCRIPCIÓN FÍSICA | |
| Extensión | 560 p., [1] h. de lám. ; |
| Dimensiones | 18 cm. |
| 530 ## - NOTA DISPONIBLE DE FORMULARIO FÍSICO ADICIONAL | |
| Nota de formato físico adicional disponible | Disponible en formato digital. |
| 597 ## - NOTA DE DESCRIPCIÓN FÍSICA | |
| NOTA DE DESCRIPCIÓN FÍSICA | Antep. |
| 599 ## - NOTA A LAS ILUSTRACIONES | |
| NOTA A LAS ILUSTRACIONES | Lám.: retrato del autor. |
| 610 27 - PUNTO DE ACCESO ADICIONAL DE MATERIA--NOMBRE DE ENTIDAD CORPORATIVA | |
| Nombre de entidad corporativa o nombre de jurisdicción como elemento de entrada | Monasterio de El Escorial- |
| Subdivisión de forma | Historia. |
| 9 (RLIN) | 5730 |
| 651 #7 - PUNTO DE ACCESO ADICIONAL DE MATERIA--NOMBRE GEOGRÁFICO | |
| Nombre geográfico | Monasterio de El Escorial |
| Subdivisión general | Edificios, estructuras, etc. |
| Fuente del encabezamiento o término | |
| 9 (RLIN) | 144603 |
| 700 1# - ENTRADA AGREGADA--NOMBRE PERSONAL | |
| Nombre de persona | Sanchez y Pinillos, Miguel. |
| 9 (RLIN) | 132393 |
| 852 ## - LOCALIZACIÓN | |
| Ubicación | ES-MaACL |
| Número de control de estantería | F-11161 |
| Nota libre | - Enc. pasta española |
| 856 ## - LOCALIZACIÓN Y ACCESO ELECTRÓNICOS | |
| Identificador Uniforme de Recursos | <a href="http://bdh-rd.bne.es/viewer.vm?id=0000216290&page=1 ">http://bdh-rd.bne.es/viewer.vm?id=0000216290&page=1 </a> |
| Nota pública | Biblioteca Digital Hispánica |
| Estatus retirado | Estado de pérdida | Estado de daño | No para préstamo | Colección | Biblioteca de origen | Biblioteca actual | Ubicación en estantería | Fecha de adquisición | Fuente de adquisición | Total de préstamos | Signatura topográfica completa | Código de barras | Visto por última vez | Precio de reemplazo | Tipo de ítem Koha |
|---|---|---|---|---|---|---|---|---|---|---|---|---|---|---|---|
| Colección digital | Biblioteca del Ateneo de Madrid | Biblioteca del Ateneo de Madrid | Sala Pecera Planta 2 | 17/01/2008 | F-11161 | 1163658 | 23/02/2023 | 23/02/2023 | Libro impreso antiguo |
